000 01475nam a2200385 i 4500
005 20220317002006.0
007 ta
008 210901s2019 ck a br 000 jdspa d
020 _a9789587809046
040 _aCO-BoRNBP
_bspa
_erda
_cCO-BoRNBP
041 0 _aspa
084 _aC MOC1
100 1 _aMoctezuma, Rammses
_d1987-
_eautor
245 1 0 _aKarandiru
_buna leyenda de África
_cRammses Moctezuma ; ilustraciones de Elizabeth Builes ; edición María Fernanda Paz-Castillo
250 _aSegunda edición
264 1 _aBogotá
_bEdiciones SM
_c2019
300 _a41 páginas
_bilustraciones
_c21 cm
336 _atexto
_btxt
_2rdacontent
337 _asin mediación
_bn
_2rdamedia
338 _avolumen
_bnc
_2rdacarrier
490 0 _aEl barco de vapor
_p54LC
490 0 _aLoran
500 _aAutor mexicano, radicado en Colombia
521 _aRecomendado para un público infantil mayor de 6 años
545 _aIncluye datos biográficos del autor e ilustrador al final del texto
650 1 7 _aCuentos infantiles mexicanos
_ySiglo XX
_2LEMB
650 1 7 _aLiteratura infantil mexicana
_ySiglo XX
_2LEMB
650 1 7 _aAutores mexicanos
_ySiglo XX
_2LEMB
650 1 7 _aAbastecimiento de agua
_vCuentos
_2LEMB
650 1 7 _aTribus
_vCuentos
_2LEMB
651 4 _aÁfrica
_xVida social y costumbres
_vCuentos
_9161102
700 1 _aBuiles, Elizabeth
_d1987-
_eilustradora
_9112461
700 1 _aPaz-Castillo, María Fernanda
_eeditora
_9187266
942 _2loc
_cBKLIT
999 _c8821
_d8821